| 000 | 00754nam a22002057a 4500 | ||
|---|---|---|---|
| 999 |
_c10719 _d10719 |
||
| 003 | AR-CdUCM | ||
| 008 | 190401b ||||| |||| 00| 0 spa d | ||
| 040 |
_aMUNICIPALIDAD PROVINCIAL DEL CUSCO _cBIBLIOTECA MUNICIPAL DEL CUSCO |
||
| 082 |
_a869.0194 / _bG28 E /1930 |
||
| 100 |
_aGatica Martínez, Tomás, _927714 |
||
| 245 | _aEnsayos sobre literatura Hispano-Americana / | ||
| 260 |
_aSantiago de Chile : _bAndes, _c1930. |
||
| 300 |
_a331 paginas ; _c18 cm. |
||
| 505 | _aContenido : Acevedo, Olga -- Acuña, Carlos -- Barella, Carlos -- Contreras Francisco -- Flores alejandro... | ||
| 650 |
_aEnsayos Latinoamericanos _927589 |
||
| 650 |
_aPoesía lírica _911722 |
||
| 650 |
_aHistoria y critica _95993 |
||
| 942 |
_2ddc _cLIBROS |
||
| 945 | _awnts | ||